LEADER 01002nam a22002653i 4500 001 991003443509707536 005 20040416163433.0 008 040802s1972 it a||||||||||||||||ita 035 $ab13075275-39ule_inst 035 $aARCHE-102788$9ExL 040 $aBiblioteca Interfacoltà$bita$cA.t.i. Arché s.c.r.l. Pandora Sicilia s.r.l. 082 04$a294 100 1 $aBareau, André$0455863 245 10$aBuddha :$bla vita, il pensiero, i testi esemplari /$cdi André Bareau ; traduzione di Lina Rossi Mazzucchetti 260 $aMilano :$bAccademia,$cc1972 300 $a252 p. :$bill. ;$c19 cm 440 2$aI memorabili ;$v32 650 4$aBuddha 700 1 $aRossi Mazzucchetti, Lina 907 $a.b13075275$b02-04-14$c05-08-04 912 $a991003443509707536 945 $aLE002 Fondo Giudici E 1553$g1$i2002000315120$lle002$nC. 1$o-$pE0.00$q-$rn$so $t0$u0$v0$w0$x0$y.i13703304$z05-08-04 996 $aBuddha$9291092 997 $aUNISALENTO 998 $ale002$b05-08-04$cm$da $e-$fita$git $h0$i1